Kariera klubowa Arkadiusza Milika - Statystyki

Ogólne statystyki
  • Ten quiz został rozwiązany 1 089 razy
  • Średni wynik to 5 z 8
Statystyki odpowiedzi
Lata gry Klub % Poprawnych
2022 - obecnie Juventus
97%
2016 - 2022 SSC Napoli
90%
2014 - 2016 AFC Ajax
76%
2021 - 2023 Olympique Marsylia
74%
2011 - 2012 Górnik Zabrze
58%
2013 - 2015 Bayer Leverkusen
44%
2013 - 2014 FC Augsburg
22%
2010 - 2011 Rozwój Katowice
18%
Nie znaleziono quizów pasujących do podanych kryteriów
Rozkład punktacji
Procent ludzi z każdym wynikiem
Percentyl według liczby udzielonych odpowiedzi
Twoja historia wyników
Nie rozwiązałeś tego quizu